LEADER 01332nam-22200409--4450 001 990002839400203316 005 20190409093552.0 010 $a88-387-3285-X 035 $a000283940 035 $aUSA01000283940 035 $a(ALEPH)000283940USA01 035 $a000283940 100 $a20061127d2006----km-y0itay50------ba 101 $aita 102 $aIT 105 $a||||||||001yy 200 1 $a<> nuove norme antiriciclaggio$ecriminalità organizzata e riciclaggio, la normativa di contrasto, obblighi e adempimenti$fAntonio Scialoja 210 $aSantarcangelo di Romagna$cMaggioli$dcopyr. 2006 215 $a445 p.$d24 cm 225 2 $aProfessionisti & imprese$iEconomia$v43 410 0$12001$aProfessionisti & Imprese$v43 454 1$12001 461 1$1001-------$12001 606 0 $aRiciclaggio 676 $a345.450268 700 1$aSCIALOJA,$bAntonio$0137863 801 0$aIT$bsalbc$gISBD 912 $a990002839400203316 951 $aXXVI.1.C. 733$b52630 G.$cXXVI.1.C.$d00208915 959 $aBK 969 $aGIU 979 $aFIORELLA$b90$c20061127$lUSA01$h1034 979 $aPATRY$b90$c20070830$lUSA01$h1254 979 $aRSIAV2$b90$c20100707$lUSA01$h1101 979 $aFIORELLA$b90$c20100716$lUSA01$h1006 996 $aNuove norme antiriciclaggio$9992933 997 $aUNISA LEADER 02646nam 2200613 450 001 9910463715303321 005 20210614045223.0 010 $a1-4985-0529-5 010 $a1-4985-0528-7 035 $a(CKB)2670000000601381 035 $a(EBL)1987866 035 $a(SSID)ssj0001439725 035 $a(PQKBManifestationID)12580088 035 $a(PQKBTitleCode)TC0001439725 035 $a(PQKBWorkID)11383175 035 $a(PQKB)10470150 035 $a(MiAaPQ)EBC1987866 035 $a(Au-PeEL)EBL1987866 035 $a(CaPaEBR)ebr11032523 035 $a(CaONFJC)MIL751057 035 $a(OCoLC)904959995 035 $a(EXLCZ)992670000000601381 100 $a20150326h20152015 uy 0 101 0 $aeng 135 $aur|n|---||||| 181 $ctxt 182 $cc 183 $acr 200 10$aAlexander the Great and Herna?n Corte?s $eambiguous legacies of leadership /$fJustin D. Lyons 210 1$aLanham, Maryland :$cLexington Books,$d2015. 210 4$d©2015 215 $a1 online resource (285 p.) 300 $aDescription based upon print version of record. 311 $a1-4985-0527-9 311 $a1-336-19771-4 320 $aIncludes bibliographical references and index. 327 $aContents; Maps; Preface; Acknowledgements; Introduction; I: Alexander; Chapter One: Alexander and the Macedonians; Chapter Two: Cyrus the Great and the Rise of Persia; Chapter Three: The Campaigns of Alexander; Chapter Four: The Leadership of Alexander the Great; II: Cortés; Chapter Five: Spain, Cortés, and the Conquistadors; Chapter Six: The Aztecs; Chapter Seven: The Conquest of Mexico; Chapter Eight: Cortés the Commander; Afterword; A Note on Sources; Glossary; Bibliography; Index; About the Author 330 $aThis biographical pairing of Alexander the Great and Hernán Cortés reflects both upon the character and the leadership abilities of the two famous conquerors. The book joins historical narrative with source analysis and consideration of moral themes revealing underappreciated aspects of their leadership. 606 $aConquerors$vBiography 606 $aCommand of troops$xHistory 607 $aGreece$xHistory$yMacedonian Expansion, 359-323 B.C 607 $aMexico$xHistory$yConquest, 1519-1540 608 $aElectronic books. 615 0$aConquerors 615 0$aCommand of troops$xHistory. 676 $a938/.07092 700 $aLyon$b Justin D.$01031090 801 0$bMiAaPQ 801 1$bMiAaPQ 801 2$bMiAaPQ 906 $aBOOK 912 $a9910463715303321 996 $aAlexander the Great and Herna?n Corte?s$92448298 997 $aUNINA